000 00385 a2200157 4500
001 193045
020 _a978-85-7412-562-6
040 _cMagnum
100 _aKing, Stephen Michael
240 1 0 _aO caracol e a tartaruga em dias chuvosos
_lpor
245 1 0 _aO caracol e a tartaruga em dias chuvosos
300 _a32
362 0 _a2017
697 _aLITERATURA INFANTIL
942 _cBK
999 _c193045
_d193045